Music Quiz

Random Music or Billboard Quiz

Billboard #1 Singles (1960) Quiz Stats

 Plays Quiz not verified by Sporcle

Score 0/19 Timer 04:00
0 Plays Today
Artist Song % Correct
Chubby CheckerThe Twist
89.7%
Marty RobbinsEl Paso
82.8%
Johnny PrestonRunning Bear
58.6%
Brenda LeeI'm Sorry
58.6%
Hollywood ArgylesAlley Oop
55.2%
Maurice Williams and the ZodiacsStay
55.2%
The Everly BrothersCathy's Clown
51.7%
Larry VerneMr. Custer
51.7%
Mark DinningTeen Angel
44.8%
Percy Faith and His OrchestraTheme from A Summer Place
44.8%
Artist Song % Correct
Brian HylandItsy Bitsy Teenie Weenie Yellow Polka Dot Bikini
41.4%
Ray CharlesGeorgia on My Mind
41.4%
The DriftersSave the Last Dance for Me
37.9%
Elvis PresleyAre You Lonesome Tonight?
34.5%
Elvis PresleyIt's Now or Never
27.6%
Elvis PresleyStuck on You
17.2%
Connie FrancisMy Heart Has a Mind of Its Own
13.8%
Connie FrancisEverybody's Somebody's Fool
10.3%
Brenda LeeI Want to Be Wanted
6.9%

You're not logged in!

Compare scores with friends on all Sporcle quizzes.
OR
Log In

Sporcle TV

Today on Sporcle TV


Watch our educational content, quiz creation guides, and fun videos on Sporcle TV.

Show Comments

Extras

Created Sep 7, 2017ReportNominate
Tags:Billboard Quiz, 1960s

Top Quizzes Today


Score Distribution

Your Account Isn't Verified!

In order to create a playlist on Sporcle, you need to verify the email address you used during registration. Go to your Sporcle Settings to finish the process.

Report this User

Report this user for behavior that violates our Community Guidelines.

Details: